000 00164nam a22000857a 4500
999 _c65105
_d65102
082 _a297.922
100 _aAbdul hameed
245 _aThe life of Muhammad
942 _cBK